00940nam a2200253 i 4500003000900000005001700009007000300026008004100029020001800070040003000088082003100118100003600149245005000185250001800235264007300253300005600326336002700382337003300409338002800442500006000470600003200530650005800562651006600620DO-SdBNP20250630100925.0ta240628b2024 dr ac||| |||| 00| 0 spa d a9789945937831 aDO-SdBNPbspacBNPHUerda 4a923.27293bA454s, 20242221 aAlonso Romero, Mercedeseautora10aSu nombre es Patria /cMercedes Alonso Romero a2a. edición 1aSanto Domingo :bMuseo Memorial de la Resistencia Dominicana,c2024. a208 páginas :bilustraciones, retratos ;c23 cm. 2rdacontentatextobtxt 2rdamediaasin mediaciónbn 2rdacarrieravolumenbnc aIncluye datos biográficos de la autora en las solapas10aMirabal, Patria,d1924-1960 4aRevolucionarioszRepública DominicanavBiografías 0aRepública DominicanaxHistoria yEra de Trujillo, 1930-1961